|
|
|
|
| LEADER |
00000nam a2200000 a 4500 |
| 001 |
vtls001472654 |
| 003 |
SK-MaSNL |
| 005 |
20260302002823.0 |
| 008 |
240315suuuu xx 0 und |
| 035 |
|
|
|a SNK000427956
|
| 040 |
|
|
|a SNK
|b slo
|c SNK
|e AACR2
|
| 100 |
1 |
|
|a Koleška, Zdeněk,
|d 1929-
|4 aut
|9 143582
|
| 245 |
1 |
|
|a Zprávy československé společnosti entomologické při ČSAV. Seznam biografií čs. entomologů. I.
|n pokračování 9
|
| 250 |
|
|
|a 1. vyd.
|
| 260 |
|
|
|a Praha
|b Čs. společnost entomol. při ČSAV
|c [s. a.]
|
| 300 |
|
|
|a 1. vyd.
|
| 999 |
|
|
|c 989513
|d 991443
|
| 952 |
|
|
|t P60, <04>, [BOOK], {604}
|a SNK
|b SNK
|y VYP
|7 0
|p 17A0425011
|o snkSC 56958/1/9 D1
|i snkKIP 661/88
|0 0
|1 0
|4 0
|d 2004-04-06
|l 0
|r 2005-01-02 00:00:00
|w 2026-02-24
|
| 952 |
|
|
|a SNK
|b SNK
|y PREZ
|7 0
|p 17A0875611
|o snkSC 56958/1/9
|0 0
|1 0
|4 0
|d 2012-08-13
|l 0
|r 2025-05-29 00:00:00
|w 2026-02-24
|